000 00647nam a22002417a 4500
005 20170124105953.0
010 _a166418
020 _c10.00
035 h _a166418
037 _bCen Lib/Ret
040 _aDPL
_bEN
082 _a270.3
_bMIR
100 _aMir Valiuddin
_913932
245 _aThe Quranic Sufism /
_cby Mir Valiuddin
246 _b
260 _aDelhi
_bMotilal Banarsidass
_c1959
270 _aBunglow Road, Jawaha Nagar
_bDelhi
_e110006
300 _aii,221p.
_c21cm(Hb)
500 _aIncludes index
650 _aSufism
_910031
650 _aQurʼan -- Theology
_912485
942 _2ddc
_cEN
_h270.3
_mMIR
999 _c125380
_d125380